02656nam a2200433 i 4500003000900000005001700009007000300026008003100029040003000060082002900090100002200119245028100141264004300422300004100465336002700506337003400533338002800567490002100595500031400616500008000930500006901010520050001079521001901579590002601598650003601624650003601660650004801696651000601744700004601750700005201796700003601848700004101884700003701925710005501962910004002017942001202057952013602069999001702205DO-SdBNP20240828111631.0ta110413s2020 dr a 000 j spa d aDO-SdBNPbspacBPMSUerda 4aRD863.44bS232y 2020222 aSantana, Héctor13aEl yaniqueque de Quico /cHéctor Santana ; ilustración: María Rebeca Dalmasí ; dirección general: Laura V. Sánchez-Vincitore ; coordinación de redacción: Yuan-Fuei Liao ; coordinación de ilustraciones: Lissa Pérez Gómez, Paloma Phillips, Amelia De León 1aSanto Domingo :bUSAID,bUNIBE,c2020. a8 páginas c22 cm.bIlustraciones  2rdacontentatextobtxt 2rdamediaasin mediación bn 2rdacarrieravolumenbnc0 aProyecto leerv  aLos libros decodificables están compuestos de textos redactados con dificultad progresiva. Cada etapa decodificable enfatiza ciertas combinaciones de letras y sonidos tomando en cuenta el orden de frecuencia en la que aparecen en el idioma español, y el nivel de dificultad de la relación letra-sonidos. aCombinación de grafemas: c (ca), q, v, ll, y (ya), h, ch, cl, bl, fl, pl. aGrafemas anteriores: a, m, e, n, o, s, i, l, u y, f, p, t, b, d. aQuico tomó un yaniqueque caliente de la mesa sin que su madre lo viera y el alimento le quemó los dedos. Quico se puso a llorar, pero siguió comiéndose el yaniqueque. Consideró que el yaniqueque era bueno, aunque estuviera caliente y le quemara los dientes. Le puso mayonesa y preparó otro: uno relleno con huevo. Luego otro con catchup. Se convenció de que los yaniqueques de su madre eran los mejores. Al final tomó otro, bien caliente y gritó: “¡Ay ay ay, me quemé!”. aNivel primario aInventariado, 2024/VM 4aCuentos infantiles dominicanos  4aLiteratura infantil dominicana  4aYaniquequesvCuentos infantiles dominicanos 2 1 aDalmasí, María Rebeccaeilustraciones1 aSánchez-Vincitore, Laura V edirector general1 aLiao, Yuan-Fuei ecoordinador 1 aPérez Gómez, Lissaecoordinador 1 aPhillips, Paloma ecoodinador 2 aUniversidad Iberoamericana(República Dominicana) aVMateo V. Control de calidad. BPMSU 2ddccBK 00102ddc40708CI-DaBPMETbBPMETd2024-08-28eUNIBEl0oBPMSU CGI RD863.44 S232y 2020pBPMSU24080043r2024-08-28w2024-08-28yBK c14782d14782